CFD Analysis of Vertical Tail of JF - 17 Aircaft (Record no. 327439)
[ view plain ]
| 000 -LEADER | |
|---|---|
| fixed length control field | 00338 a2200121 4500 |
| 001 - CONTROL NUMBER | |
| control field | 92366 |
| 082 ## - DEWEY DECIMAL CLASSIFICATION NUMBER | |
| Classification number | PR 2652 |
| 090 ## - LOCALLY ASSIGNED LC-TYPE CALL NUMBER (OCLC); LOCAL CALL NUMBER (RLIN) | |
| -- | 44335 |
| -- | 44336 |
| 100 ## - MAIN ENTRY--PERSONAL NAME | |
| Personal name | Taimur Ahmad, Prof Taimur Ali and M. Ayaz (Advisors) |
| 245 ## - TITLE STATEMENT | |
| Title | CFD Analysis of Vertical Tail of JF - 17 Aircaft |
| Number of part/section of a work | 79'A' EC |
| 260 ## - PUBLICATION, DISTRIBUTION, ETC. | |
| Place of publication, distribution, etc. | Islamabad |
| Name of publisher, distributor, etc. | NUST |
| Date of publication, distribution, etc. | 2015 |
| 300 ## - PHYSICAL DESCRIPTION | |
| Extent | xii,68p. |
| 942 ## - ADDED ENTRY ELEMENTS (KOHA) | |
| Institution code [OBSOLETE] | CAE NUST |
| Call number prefix | PR 2562 |
| Withdrawn status | Lost status | Damaged status | Not for loan | Collection code | Permanent Location | Current Location | Date acquired | Total Checkouts | Full call number | Barcode | Date last seen | Price effective from | Koha item type |
|---|---|---|---|---|---|---|---|---|---|---|---|---|---|
| College of Aeronautical Engineering (CAE) | College of Aeronautical Engineering (CAE) | 04/03/2017 | PR 2562 | CAEPR-2562 | 04/05/2017 | 04/05/2017 | Book |
